[Event "4NCL Online Division 3"]
[Site "online"]
[Date "2020.05.05"]
[Round "5.22"]
[White "Towers, Nigel S"]
[Black "Parry, Matthew"]
[Result "1-0"]
[WhiteElo "1858"]
[BlackElo "1903"]
[PlyCount "89"]
[EventDate "2020.05.05"]
[WhiteTeam "CSC 4"]
[BlackTeam "Abergavenny and Friends"]

1. e4 d5 2. exd5 Nf6 3. Bb5+ c6 4. Be2 cxd5 5. d4 Bf5 6. Nf3 e6 7. O-O Bd6 8.
c4 dxc4 9. Bxc4 O-O 10. Nc3 a6 11. Ne5 Qc7 12. Qe2 Nc6 13. Nxc6 Bxh2+ 14. Kh1
bxc6 15. g3 Bxg3 16. fxg3 Qxg3 17. Bf4 Qh4+ 18. Qh2 Qxh2+ 19. Bxh2 Nd5 20. Bxd5
cxd5 21. Kg1 Bg6 22. Rac1 Rac8 23. Na4 Bd3 24. Rfe1 Rc4 25. Rxc4 dxc4 26. Nc3
Rd8 27. d5 exd5 28. Nxd5 f6 29. Nf4 Kf7 30. Rd1 Rd4 31. Nxd3 cxd3 32. Kf2 Rc4
33. Ke3 Rc2 34. Rd2 g5 35. Kxd3 Rc6 36. b4 f5 37. a4 f4 38. b5 Rh6 39. Ke4 axb5
40. axb5 Rb6 41. Rb2 Ke6 42. Bg1 Rb8 43. b6 h5 44. b7 Kd6 45. Ba7 1-0

[Event "4NCL Online Division 3"]
[Site "online"]
[Date "2020.05.05"]
[Round "5.23"]
[White "Allford, Zane"]
[Black "Frostick, Helen M"]
[Result "1-0"]
[WhiteElo "1693"]
[BlackElo "1855"]
[PlyCount "61"]
[EventDate "2020.05.05"]
[WhiteTeam "Abergavenny and Friends"]
[BlackTeam "CSC 4"]

1. e4 g6 2. d4 Bg7 3. Bc4 e6 4. Be3 d5 5. exd5 exd5 6. Bd3 Nc6 7. c3 Nge7 8.
Qd2 Nf5 9. Bg5 f6 10. Bf4 O-O 11. Na3 Re8+ 12. Ne2 a6 13. O-O-O b5 14. g4 Nd6
15. f3 f5 16. Bxd6 Qxd6 17. gxf5 Bxf5 18. Bxf5 gxf5 19. Rdg1 Kh8 20. Kb1 b4 21.
Nc2 bxc3 22. Nxc3 Rab8 23. Rg2 Ne7 24. Re1 c5 25. Rge2 cxd4 26. Nxd4 Qc5 27.
Nb3 Qc6 28. Rxe7 Rxe7 29. Rxe7 d4 30. Nxd4 Qd6 31. Rxg7 1-0

[Event "4NCL Online Division 3"]
[Site "online"]
[Date "2020.05.05"]
[Round "5.31"]
[White "Smith, Simon"]
[Black "Srivastava, Arnav"]
[Result "1-0"]
[WhiteElo "1966"]
[BlackElo "1960"]
[PlyCount "53"]
[EventDate "2020.05.05"]
[WhiteTeam "Beverley Vikings"]
[BlackTeam "Poisoned Pawns"]

1. e4 c5 2. f4 Nc6 3. Nf3 d6 4. Bb5 Bg4 5. O-O Qb6 6. Nc3 Nf6 7. e5 dxe5 8.
fxe5 Ne4 9. Nd5 Qd8 10. Bxc6+ bxc6 11. Ne3 Bh5 12. g4 Bxg4 13. Nxg4 h5 14. e6
hxg4 15. exf7+ Kd7 16. d3 Nf6 17. Ne5+ Kc8 18. Bf4 g5 19. Bg3 Qd4+ 20. Rf2 Qd5
21. c4 Qe6 22. Ng6 Rh6 23. Nxf8 Qxf7 24. Qa4 Kb7 25. Qb3+ Kc8 26. Qa4 Kb7 27.
Nd7 1-0

[Event "4NCL Online Division 3"]
[Site "online"]
[Date "2020.05.05"]
[Round "5.32"]
[White "Trivedi, Aarnavh"]
[Black "Vleeshhouwer, Douglas"]
[Result "0-1"]
[WhiteElo "1975"]
[BlackElo "1960"]
[PlyCount "66"]
[EventDate "2020.05.05"]
[WhiteTeam "Poisoned Pawns"]
[BlackTeam "Beverley Vikings"]

1. d4 d6 2. Nf3 Nd7 3. e4 g6 4. c4 Bg7 5. Nc3 c5 6. Be3 cxd4 7. Nxd4 Ngf6 8. f3
O-O 9. Qd2 Re8 10. O-O-O a6 11. g4 Ne5 12. h4 h5 13. gxh5 Nxh5 14. Be2 b5 15.
Rdg1 Nxc4 16. Bxc4 bxc4 17. Bh6 e6 18. Bxg7 Kxg7 19. f4 Qf6 20. Nde2 Bb7 21.
Kc2 d5 22. Rg5 dxe4 23. Rhg1 Kf8 24. Qd6+ Qe7 25. Qd4 Ng7 26. h5 Red8 27. h6
Rxd4 28. h7 Qf6 29. h8=Q+ Ke7 30. Qh4 Nf5 31. Qh2 Rd3 32. Qf2 e3 33. Qh2 Rh8
0-1

[Event "4NCL Online Division 3"]
[Site "online"]
[Date "2020.05.05"]
[Round "5.33"]
[White "Turner, Tim M"]
[Black "Volovich, Julia"]
[Result "0-1"]
[WhiteElo "1915"]
[BlackElo "1930"]
[PlyCount "90"]
[EventDate "2020.05.05"]
[WhiteTeam "Beverley Vikings"]
[BlackTeam "Poisoned Pawns"]

1. e4 e6 2. d4 d5 3. Nc3 Bb4 4. exd5 exd5 5. Bd3 Ne7 6. Qf3 c5 7. Bb5+ Nbc6 8.
Nge2 O-O 9. Bxc6 bxc6 10. a3 Bxc3+ 11. Qxc3 Nf5 12. O-O Ba6 13. Re1 Re8 14. Ng3
cxd4 15. Rxe8+ Qxe8 16. Qa5 Nxg3 17. hxg3 Be2 18. Bf4 d3 19. Re1 Qd7 20. Qd2
Qf5 21. cxd3 Bxd3 22. Re5 Qg6 23. Rg5 Qe4 24. Be5 g6 25. f3 Qe2 26. Qxe2 Bxe2
27. Bd4 f5 28. g4 Bd3 29. gxf5 Bxf5 30. Rg3 a6 31. f4 Re8 32. Rc3 Re1+ 33. Kf2
Re4 34. Be5 Bd7 35. Kf3 h5 36. Rb3 Bg4+ 37. Kg3 d4 38. Rb8+ Kf7 39. Rd8 Re3+
40. Kf2 Re2+ 41. Kf1 c5 42. Rd5 Rc2 43. Bd6 d3 44. Rxd3 Be2+ 45. Ke1 Bxd3 0-1

[Event "4NCL Online Division 3"]
[Site "online"]
[Date "2020.05.05"]
[Round "5.34"]
[White "Dharmasena, Gavith"]
[Black "Grice, Alec"]
[Result "1-0"]
[WhiteElo "1915"]
[BlackElo "1682"]
[PlyCount "41"]
[EventDate "2020.05.05"]
[WhiteTeam "Poisoned Pawns"]
[BlackTeam "Beverley Vikings"]

1. e4 c5 2. Nf3 Nc6 3. Bb5 g6 4. d3 Bg7 5. c4 e5 6. Bxc6 bxc6 7. Nc3 d6 8. O-O
Nf6 9. Re1 O-O 10. Rb1 Rb8 11. h3 Nh5 12. a3 Nf4 13. b4 cxb4 14. axb4 c5 15. b5
f6 16. Bxf4 exf4 17. Nd5 g5 18. d4 h5 19. dxc5 g4 20. Nd4 dxc5 21. Nc6 1-0

[Event "4NCL Online Division 3"]
[Site "online"]
[Date "2020.05.05"]
[Round "5.41"]
[White "Pert, Richard G"]
[Black "Mulay, Partha"]
[Result "1/2-1/2"]
[WhiteElo "2416"]
[BlackElo "2147"]
[PlyCount "121"]
[EventDate "2020.05.05"]
[WhiteTeam "Brentwood"]
[BlackTeam "Warwick University B"]

1. d4 Nf6 2. Bg5 e6 3. Nf3 c5 4. e3 Be7 5. Bd3 b6 6. O-O Bb7 7. c4 h6 8. Bh4
O-O 9. Nc3 Nc6 10. Rc1 cxd4 11. exd4 d5 12. cxd5 Nxd5 13. Bg3 Rc8 14. Re1 Qd7
15. Bb5 Nxc3 16. bxc3 Bf6 17. Qe2 Rfd8 18. Ne5 Qd5 19. c4 Qxd4 20. Rcd1 Qc5 21.
Nxf7 Kxf7 22. Qxe6+ Kg6 23. Rd7 Rxd7 24. Qxd7 Na5 25. Qd3+ Kf7 26. Qd7+ Kg8 27.
h4 Rd8 28. Qe6+ Kh8 29. Qf7 Rf8 30. Re8 Rxe8 31. Bxe8 Bc6 32. Bxc6 Qxc6 33. h5
Nxc4 34. Qxa7 Nd2 35. Qb8+ Kh7 36. Bf4 Ne4 37. Be3 b5 38. Qf4 Qd5 39. Qg4 Ng5
40. f4 Qe4 41. Bf2 Ne6 42. Bg3 Nd4 43. Kh2 Ne2 44. Kh3 Qd3 45. Kh2 Nxg3 46.
Qxg3 Qxg3+ 47. Kxg3 Kh8 48. Kg4 Kg8 49. Kf5 Kf7 50. g4 Bc3 51. g5 hxg5 52. fxg5
Bd2 53. h6 gxh6 54. gxh6 Bxh6 55. Ke5 Be3 56. Kd5 Ke7 57. Kc6 b4 58. Kb5 Bd2
59. Ka4 Kd6 60. a3 bxa3 61. Kxa3 1/2-1/2

[Event "4NCL Online Division 3"]
[Site "online"]
[Date "2020.05.05"]
[Round "5.42"]
[White "Bott, Simeon"]
[Black "Haydon, David L"]
[Result "0-1"]
[WhiteElo "1937"]
[BlackElo "2294"]
[PlyCount "60"]
[EventDate "2020.05.05"]
[WhiteTeam "Warwick University B"]
[BlackTeam "Brentwood"]

1. e4 c6 2. d4 d5 3. Nc3 dxe4 4. Nxe4 Bf5 5. Ng3 Bg6 6. h4 h6 7. Nf3 Nd7 8. Bd3
Bxd3 9. Qxd3 Ngf6 10. Bf4 e6 11. O-O-O Be7 12. c4 Qa5 13. Kb1 O-O 14. Ne4 Nxe4
15. Qxe4 Nf6 16. Qc2 Rad8 17. Ne5 c5 18. Qb3 Rxd4 19. Rxd4 cxd4 20. Qxb7 Bd6
21. Qb5 Qc7 22. Re1 Rc8 23. b3 Nd5 24. cxd5 Qc2+ 25. Ka1 Qc3+ 26. Kb1 Qxe1+ 27.
Kb2 Qc3+ 28. Kb1 Qc2+ 29. Ka1 Qd1+ 30. Kb2 Rc2# 0-1

[Event "4NCL Online Division 3"]
[Site "online"]
[Date "2020.05.05"]
[Round "5.43"]
[White "Coote, Trevor D"]
[Black "Karia, Rishul"]
[Result "1/2-1/2"]
[WhiteElo "2044"]
[BlackElo "1870"]
[PlyCount "143"]
[EventDate "2020.05.05"]
[WhiteTeam "Brentwood"]
[BlackTeam "Warwick University B"]

1. e4 e5 2. f4 exf4 3. Nf3 g5 4. Bc4 g4 5. O-O gxf3 6. Qxf3 Qf6 7. d3 Ne7 8.
Bxf4 d6 9. Nc3 a6 10. Qe3 Rg8 11. Rae1 Be6 12. Nd5 Qg6 13. Bg3 Bxd5 14. Bxd5
Bh6 15. Qe2 Rg7 16. Bxb7 Ra7 17. Bd5 Nbc6 18. c3 Ne5 19. d4 Ng4 20. Rf3 Bg5 21.
Bb3 h5 22. Ref1 h4 23. Bf4 Nh6 24. e5 d5 25. Ba4+ c6 26. Bd2 Bxd2 27. Qxd2 Qg5
28. Qxg5 Rxg5 29. Rf6 Rg6 30. R1f4 Nhf5 31. R6xf5 Nxf5 32. Rxf5 Rh6 33. Bd1 Rb7
34. b3 Ke7 35. Bg4 f6 36. Kf2 Rb8 37. e6 Rg8 38. Kf3 Rhg6 39. Rf4 f5 40. Bxf5
Rxg2 41. Rxh4 R8g7 42. a4 Rb2 43. b4 Rb3 44. Kf4 Rxc3 45. Rh8 Rc4 46. b5 axb5
47. axb5 cxb5 48. Ke5 Rc1 49. h4 Rh1 50. Rb8 Re1+ 51. Kxd5 Kf6 52. Rf8+ Ke7 53.
Rb8 Kf6 54. Be4 b4 55. Rxb4 Rg4 56. Bf3 Rxh4 57. Rb2 Rxe6 58. Kc5 Re3 59. Bd5
Rh5 60. Kd6 Rd3 61. Rb4 Rh4 62. Kc5 Rc3+ 63. Bc4 Rc2 64. Rb6+ Ke7 65. Rb7+ Kd8
66. Rb4 Kc7 67. d5 Kd8 68. d6 Kd7 69. Rb7+ Kd8 70. Rb4 Kd7 71. Rb7+ Kd8 72. Rb4
1/2-1/2

[Event "4NCL Online Division 3"]
[Site "online"]
[Date "2020.05.05"]
[Round "5.44"]
[White "Fowler, Jonathan"]
[Black "Pert, Max"]
[Result "1-0"]
[WhiteElo "1892"]
[BlackElo "1697"]
[PlyCount "63"]
[EventDate "2020.05.05"]
[WhiteTeam "Warwick University B"]
[BlackTeam "Brentwood"]

1. e4 c6 2. d4 d5 3. f3 e6 4. Nc3 Bb4 5. g3 dxe4 6. fxe4 Nf6 7. Bg2 h6 8. Nge2
O-O 9. O-O c5 10. d5 exd5 11. Nxd5 Nxd5 12. exd5 Bg4 13. h3 Bh5 14. g4 Bg6 15.
Nf4 Bh7 16. c3 Ba5 17. Be3 c4 18. Bd4 Bb6 19. Kh1 Nd7 20. Nh5 f6 21. Nf4 Qe7
22. Re1 Qf7 23. d6 Bxd4 24. Bd5 Be5 25. Bxf7+ Rxf7 26. Ng2 Rd8 27. Qa4 Nb6 28.
Qxa7 Rxd6 29. Rad1 Rfd7 30. Rxd6 Rxd6 31. Qb8+ Kf7 32. Rxe5 1-0

[Event "4NCL Online Division 3"]
[Site "online"]
[Date "2020.05.05"]
[Round "5.51"]
[White "Allen, John P"]
[Black "Kennedy, Craig"]
[Result "1-0"]
[WhiteElo "1915"]
[BlackElo "1937"]
[PlyCount "55"]
[EventDate "2020.05.05"]
[WhiteTeam "Catford Cosmonauts 2"]
[BlackTeam "Mushrooms 2"]

1. e4 c5 2. c3 Nf6 3. e5 Nd5 4. d4 cxd4 5. cxd4 d6 6. Nf3 Nc6 7. Bc4 Nb6 8. Bb3
dxe5 9. d5 Na5 10. Nc3 Bg4 11. Ba4+ Nxa4 12. Qxa4+ Bd7 13. Qe4 f6 14. Bd2 Qc7
15. b3 g6 16. Rc1 Rc8 17. O-O Bf5 18. Qa4+ Bd7 19. Nb5 Bxb5 20. Qxb5+ Nc6 21.
dxc6 bxc6 22. Qc4 Bg7 23. Rc2 Qd7 24. Rfc1 Qf5 25. Qa6 O-O 26. Rxc6 Rxc6 27.
Qxc6 Qd3 28. Qc4+ 1-0

[Event "4NCL Online Division 3"]
[Site "online"]
[Date "2020.05.05"]
[Round "5.52"]
[White "Hortin, Matthew J"]
[Black "Turner, Howard"]
[Result "1-0"]
[WhiteElo "1930"]
[BlackElo "1885"]
[PlyCount "79"]
[EventDate "2020.05.05"]
[WhiteTeam "Mushrooms 2"]
[BlackTeam "Catford Cosmonauts 2"]

1. c4 Nf6 2. Nc3 Nc6 3. Nf3 e5 4. e3 Bb4 5. Qc2 O-O 6. Nd5 Nxd5 7. cxd5 Ne7 8.
Nxe5 Nxd5 9. Qe4 c6 10. Bc4 d6 11. Nxf7 Rxf7 12. Bxd5 cxd5 13. Qxb4 Qg5 14. g3
Qg6 15. Qd4 Be6 16. b3 Raf8 17. f4 Bf5 18. Bb2 Be4 19. Rf1 Qh5 20. Rf2 Qf5 21.
Rc1 b6 22. Rc6 Bb1 23. Rxd6 Bxa2 24. Rxd5 Qb1+ 25. Ke2 Bxb3 26. Rf1 Qg6 27. Rg5
Qh6 28. h4 b5 29. Kf2 Rc8 30. Bc3 a5 31. Bxa5 Qc6 32. Bc3 Rcc7 33. Ra1 Ba4 34.
Rc1 Rfd7 35. Qe5 Re7 36. Qd5+ Qxd5 37. Rxd5 b4 38. Bxb4 Rxc1 39. Bxe7 Bc6 40.
Rc5 1-0

[Event "4NCL Online Division 3"]
[Site "online"]
[Date "2020.05.05"]
[Round "5.53"]
[White "Stewart, Martin"]
[Black "Fenwick, Hugh F"]
[Result "1-0"]
[WhiteElo "1802"]
[BlackElo "1907"]
[PlyCount "139"]
[EventDate "2020.05.05"]
[WhiteTeam "Catford Cosmonauts 2"]
[BlackTeam "Mushrooms 2"]

1. e4 e6 2. d4 d5 3. exd5 exd5 4. Bd3 Nc6 5. c3 Bd6 6. Ne2 Nge7 7. O-O O-O 8.
Bf4 Bf5 9. Qc2 Bxd3 10. Qxd3 Ng6 11. Bg3 Re8 12. Nd2 Qd7 13. Rae1 Rad8 14. Nf3
Bxg3 15. Nxg3 Nf4 16. Qf5 Qxf5 17. Nxf5 Nd3 18. Rxe8+ Rxe8 19. Ne3 Rd8 20. b3
Nf4 21. Re1 f6 22. g3 Ng6 23. Nf5 Kf7 24. N3h4 Nge7 25. Nxe7 Nxe7 26. Ng2 Rd6
27. Nf4 Rc6 28. Re3 a5 29. Nd3 b6 30. Kg2 g6 31. Rf3 Re6 32. Re3 Rxe3 33. fxe3
Nf5 34. Kf3 Nd6 35. Nf4 c6 36. Ke2 g5 37. Nh3 Ne4 38. Kd3 Kg6 39. c4 Kf5 40. a3
Kg4 41. Ng1 h5 42. b4 axb4 43. axb4 h4 44. gxh4 Kxh4 45. b5 Nd6 46. bxc6 dxc4+
47. Kc3 Kg4 48. d5 Kf5 49. Kd4 Kg6 50. e4 Kf7 51. Nf3 c3 52. Ne1 Ke7 53. Nc2
Kd8 54. e5 fxe5+ 55. Kxe5 Kc7 56. Kf6 g4 57. Kg5 g3 58. hxg3 Ne4+ 59. Kf4 Nf6
60. Ke5 Ne8 61. g4 b5 62. Nb4 Kb6 63. d6 c2 64. Nxc2 Kxc6 65. Nd4+ Kd7 66. Nxb5
Ng7 67. Nd4 Ne8 68. Nf5 Kc8 69. Ke6 Kd8 70. g5 1-0

[Event "4NCL Online Division 3"]
[Site "online"]
[Date "2020.05.05"]
[Round "5.54"]
[White "Joslin, Tim"]
[Black "Sedykh, Stakhey"]
[Result "1-0"]
[WhiteElo "1870"]
[BlackElo "1772"]
[PlyCount "73"]
[EventDate "2020.05.05"]
[WhiteTeam "Mushrooms 2"]
[BlackTeam "Catford Cosmonauts 2"]

1. e4 e5 2. Nf3 Nc6 3. Bb5 a6 4. Ba4 Nf6 5. O-O b5 6. Bb3 Be7 7. Re1 d6 8. c3
Na5 9. Bc2 c5 10. d4 Qc7 11. h3 O-O 12. d5 Nb7 13. Nbd2 Ne8 14. b3 Nd8 15. Nf1
g6 16. Bh6 Ng7 17. Ng3 f6 18. a4 b4 19. cxb4 cxb4 20. Bd3 Nf7 21. Rc1 Qb7 22.
Bd2 Bd7 23. Rc4 a5 24. Qe2 f5 25. Rec1 Rfc8 26. Nf1 Rxc4 27. Rxc4 Rc8 28. Ne3
Ng5 29. Nxg5 Bxg5 30. Nxf5 Nxf5 31. Bxg5 Nd4 32. Rxd4 exd4 33. Ba6 d3 34. Qxd3
Rc3 35. Qxc3 Qxa6 36. Qf6 Qb7 37. Bh6 1-0

[Event "4NCL Online Division 3"]
[Site "online"]
[Date "2020.05.05"]
[Round "5.61"]
[White "Murphy, Sean J"]
[Black "Adams, Mark"]
[Result "0-1"]
[WhiteElo "1990"]
[BlackElo "1944"]
[PlyCount "70"]
[EventDate "2020.05.05"]
[WhiteTeam "Cork"]
[BlackTeam "The Full Ponty"]

1. d4 d5 2. c4 e6 3. Nc3 c6 4. e4 dxe4 5. Nxe4 Bb4+ 6. Bd2 Qxd4 7. Bxb4 Qxe4+
8. Be2 Na6 9. Ba5 b6 10. Qd6 Bd7 11. Bc3 f6 12. Nf3 Ne7 13. O-O-O Nc5 14. Rhe1
Nf5 15. Qd2 O-O-O 16. g4 Ne7 17. Qd6 Rhe8 18. b4 Nb7 19. Qd2 c5 20. Qb2 cxb4
21. Bxb4 Nc6 22. Bd2 e5 23. Nh4 Nc5 24. Be3 g6 25. Rd5 Be6 26. Rxc5 bxc5 27.
Qb5 Nb8 28. Bxc5 Qc6 29. Qa5 Rd7 30. Bd1 Rc7 31. Ba4 Qxc5 32. Qxc5 Rxc5 33.
Bxe8 Rxc4+ 34. Kb2 Kd8 35. Bb5 Rb4+ 0-1

[Event "4NCL Online Division 3"]
[Site "online"]
[Date "2020.05.05"]
[Round "5.62"]
[White "Jones, Ian Robert"]
[Black "Mihaylova, Aliona"]
[Result "1-0"]
[WhiteElo "1944"]
[BlackElo "1655"]
[PlyCount "75"]
[EventDate "2020.05.05"]
[WhiteTeam "The Full Ponty"]
[BlackTeam "Cork"]

1. e4 e5 2. Nf3 Nc6 3. Nc3 Nf6 4. g3 Bc5 5. Bg2 O-O 6. O-O Re8 7. d3 h6 8. h3
d6 9. Na4 Bb6 10. Nxb6 axb6 11. a3 b5 12. Bd2 Be6 13. Bc3 Qd7 14. Kh2 Nh7 15.
d4 exd4 16. Nxd4 Ne5 17. f4 Nc6 18. Rf2 Nxd4 19. Qxd4 f6 20. Rd1 Ra4 21. Qd2 c6
22. Qxd6 Qxd6 23. Rxd6 Nf8 24. Rfd2 Kf7 25. g4 Re7 26. Kg3 Bc8 27. Rd8 Bd7 28.
Bb4 Re8 29. R2xd7+ Nxd7 30. Rxd7+ Kg8 31. Rxb7 Rc8 32. b3 Ra6 33. Bc5 Rd8 34.
e5 fxe5 35. fxe5 Rd2 36. e6 Re2 37. Rb8+ Kh7 38. e7 1-0

[Event "4NCL Online Division 3"]
[Site "online"]
[Date "2020.05.05"]
[Round "5.63"]
[White "Condon, Gerard"]
[Black "Goldrick, Thomas G"]
[Result "0-1"]
[WhiteElo "1680"]
[BlackElo "1879"]
[PlyCount "126"]
[EventDate "2020.05.05"]
[WhiteTeam "Cork"]
[BlackTeam "The Full Ponty"]

1. d4 d5 2. Nf3 Nf6 3. e3 c5 4. Nbd2 e6 5. b3 Nc6 6. Bd3 Be7 7. O-O O-O 8. Bb2
b6 9. a3 Bb7 10. Ne5 Nxe5 11. dxe5 Nd7 12. f4 f5 13. c4 Nb8 14. Qe2 g6 15. Rad1
Nc6 16. cxd5 exd5 17. Nf3 Qc7 18. h4 Rad8 19. h5 Bc8 20. hxg6 hxg6 21. Qf2 Be6
22. Qg3 Kf7 23. Ng5+ Bxg5 24. Qxg5 Qe7 25. Qg3 Rh8 26. Kf2 Qh4 27. Rh1 Qxg3+
28. Kxg3 Kg7 29. Kf2 Rxh1 30. Rxh1 c4 31. bxc4 dxc4 32. Bxc4 Bxc4 33. e6+ Kf8
34. Bf6 Bxe6 35. Rh8+ Bg8 36. Bxd8 Nxd8 37. Kf3 Kg7 38. Rh1 Bd5+ 39. Kf2 Nc6
40. Rd1 Be4 41. g4 fxg4 42. Kg3 Bf3 43. Rd7+ Kf6 44. Rc7 Kf5 45. Kf2 Be4 46.
Rf7+ Ke6 47. Rc7 Kd6 48. Rg7 a5 49. Kg3 Bf5 50. e4 Bxe4 51. Kxg4 Bf5+ 52. Kf3
Nd4+ 53. Kf2 Nc2 54. Rb7 Kc5 55. Rc7+ Kb5 56. Ke2 Nxa3 57. Re7 Nc4 58. Kd1 Kb4
59. Kc1 a4 60. Ra7 a3 61. Ra8 Kb3 62. Ra7 a2 63. Ra8 Na3 0-1

[Event "4NCL Online Division 3"]
[Site "online"]
[Date "2020.05.05"]
[Round "5.64"]
[White "Hughes, Anthony"]
[Black "Bradley, Michael"]
[Result "1-0"]
[WhiteElo "1873"]
[BlackElo "1411"]
[PlyCount "59"]
[EventDate "2020.05.05"]
[WhiteTeam "The Full Ponty"]
[BlackTeam "Cork"]

1. d4 Nf6 2. Nf3 c5 3. d5 b5 4. c3 Bb7 5. e4 c4 6. a4 a6 7. axb5 axb5 8. Rxa8
Bxa8 9. Qd4 d6 10. Qa7 Nbd7 11. Na3 Qb8 12. Qxb8+ Nxb8 13. Nxb5 Kd8 14. Nd2 e5
15. Bxc4 Be7 16. O-O Na6 17. Nxd6 Bxd6 18. Bxa6 Ke7 19. Bd3 Rb8 20. Nc4 Nd7 21.
f4 Bc5+ 22. Kh1 f6 23. fxe5 fxe5 24. b4 Ba7 25. Bg5+ Nf6 26. Nxe5 h6 27. Bf4
Rc8 28. c4 Bd4 29. Ng6+ Kd7 30. e5 1-0

[Event "4NCL Online Division 3"]
[Site "online"]
[Date "2020.05.05"]
[Round "5.71"]
[White "Rahman, Asad"]
[Black "Hosdurga, Chirag"]
[Result "0-1"]
[WhiteElo "2095"]
[BlackElo "2132"]
[PlyCount "94"]
[EventDate "2020.05.05"]
[WhiteTeam "Harrow 2"]
[BlackTeam "The Rook1Es"]

1. e4 c5 2. Nf3 Nc6 3. d4 cxd4 4. Nxd4 Qb6 5. Nb3 Nf6 6. Nc3 e6 7. Be3 Qc7 8.
f4 d6 9. Qf3 a6 10. g4 h6 11. O-O-O b5 12. e5 dxe5 13. fxe5 Nd7 14. Bg2 Ndxe5
15. Qg3 f6 16. Bf4 Bb7 17. h4 Rc8 18. Kb1 b4 19. Ne4 Nd8 20. Rd2 Ndf7 21. Rhd1
Be7 22. g5 fxg5 23. hxg5 Bxe4 24. Bxe4 Bxg5 25. Nd4 Bxf4 26. Qxf4 Qe7 27. Rg2
g5 28. Qf1 O-O 29. Qxa6 Rcd8 30. Rgd2 Rd6 31. Nc6 Nxc6 32. Rxd6 Nxd6 33. Qxc6
Nxe4 34. Qxe4 Kg7 35. b3 Rf4 36. Qe5+ Qf6 37. Qc7+ Kg6 38. Qc8 h5 39. Qg8+ Kh6
40. Re1 Rf1 41. Rxf1 Qxf1+ 42. Kb2 Qf6+ 43. Kc1 h4 44. Qb8 h3 45. c4 bxc3 46.
b4 Qf4+ 47. Qxf4 gxf4 0-1

[Event "4NCL Online Division 3"]
[Site "online"]
[Date "2020.05.05"]
[Round "5.72"]
[White "Stubbs, Oliver"]
[Black "Walkusz, Miroslaw"]
[Result "0-1"]
[WhiteElo "2050"]
[BlackElo "1939"]
[PlyCount "96"]
[EventDate "2020.05.05"]
[WhiteTeam "The Rook1Es"]
[BlackTeam "Harrow 2"]

1. d4 d5 2. Bf4 c5 3. e3 Nc6 4. Nf3 Nf6 5. Nbd2 e6 6. c3 Bd6 7. Bg3 O-O 8. Bd3
h6 9. Qe2 b6 10. Rd1 Bb7 11. e4 Bxg3 12. hxg3 cxd4 13. cxd4 Nb4 14. e5 Nxd3+
15. Qxd3 Ne4 16. O-O Rc8 17. Rc1 Qd7 18. Qb1 Qa4 19. Rfd1 Rxc1 20. Rxc1 Nxd2
21. Nxd2 Qxd4 22. Nf3 Qe4 23. Qxe4 dxe4 24. Rc7 Bd5 25. Nd4 Bxa2 26. Rxa7 Bd5
27. Ra6 Rc8 28. Rxb6 Rc1+ 29. Kh2 Rc4 30. Ne2 Rc2 31. Nf4 Rxf2 32. Nxd5 exd5
33. Kg1 Rd2 34. Rb8+ Kh7 35. b4 e3 36. Kf1 d4 37. Ke1 Rb2 38. Rd8 Rxb4 39. Ke2
Rb2+ 40. Ke1 Rd2 41. g4 Kg6 42. Rd7 d3 43. g3 Re2+ 44. Kf1 Rf2+ 45. Ke1 d2+ 46.
Kd1 Kg5 47. Rd3 Rf1+ 48. Ke2 Re1+ 0-1

[Event "4NCL Online Division 3"]
[Site "online"]
[Date "2020.05.05"]
[Round "5.73"]
[White "Lakhani, Kishan"]
[Black "Walker, Max"]
[Result "1-0"]
[WhiteElo "1977"]
[BlackElo "1945"]
[PlyCount "45"]
[EventDate "2020.05.05"]
[WhiteTeam "Harrow 2"]
[BlackTeam "The Rook1Es"]

1. e4 c6 2. Nf3 d5 3. e5 Bg4 4. Be2 c5 5. O-O Nc6 6. c4 d4 7. Nxd4 cxd4 8. Bxg4
Nxe5 9. Qa4+ Nc6 10. b4 Nf6 11. Bf3 Qd7 12. c5 g6 13. Re1 Ne5 14. Qxd7+ Nfxd7
15. Bxb7 Rb8 16. c6 Nd3 17. Rf1 Nb6 18. a3 Kd8 19. Ba6 Ne5 20. b5 Bg7 21. a4
Nd5 22. Ba3 Re8 23. Bc5 1-0

[Event "4NCL Online Division 3"]
[Site "online"]
[Date "2020.05.05"]
[Round "5.74"]
[White "Brigden, Michael E"]
[Black "Dhemrait, Jagdeep"]
[Result "0-1"]
[WhiteElo "1982"]
[BlackElo "1982"]
[PlyCount "88"]
[EventDate "2020.05.05"]
[WhiteTeam "The Rook1Es"]
[BlackTeam "Harrow 2"]

1. d4 Nf6 2. c4 e6 3. Nc3 d5 4. Bg5 c6 5. e3 Be7 6. cxd5 exd5 7. Bd3 Nbd7 8.
Qc2 O-O 9. Nge2 Re8 10. O-O Nf8 11. f3 Nh5 12. Bxe7 Qxe7 13. e4 dxe4 14. fxe4
Qg5 15. Kh1 Be6 16. e5 Rad8 17. Rad1 Qh4 18. b3 Bg4 19. Bf5 f6 20. Qe4 fxe5 21.
Qxg4 Qxg4 22. Bxg4 Nf6 23. Bf5 exd4 24. Nxd4 Re5 25. Bc2 Rc5 26. Nde2 Re8 27.
Kg1 N8d7 28. b4 Rce5 29. Bb3+ Kh8 30. Nf4 Nf8 31. Bf7 R8e7 32. Rd8 Rxf7 33. Nd3
Ree7 34. Nc5 Kg8 35. Rfd1 b6 36. Nb3 g6 37. Nd4 Rd7 38. Nxc6 Rxd1+ 39. Nxd1 Kg7
40. Ra8 Nd5 41. b5 Nf4 42. Rxa7 Nd7 43. a4 Ne2+ 44. Kh1 Rf1# 0-1

[Event "4NCL Online Division 3"]
[Site "online"]
[Date "2020.05.05"]
[Round "5.81"]
[White "Chesters, Tim"]
[Black "Pigott, Darrell N"]
[Result "1/2-1/2"]
[WhiteElo "2062"]
[BlackElo "1900"]
[PlyCount "87"]
[EventDate "2020.05.05"]
[WhiteTeam "Hull Romans"]
[BlackTeam "Watford 2"]

1. d4 Nf6 2. c4 e6 3. Nc3 d5 4. cxd5 exd5 5. Bg5 Be7 6. e3 O-O 7. Bd3 h6 8. Bh4
c6 9. Nge2 Nh5 10. Bxe7 Qxe7 11. O-O f5 12. Qd2 b6 13. Rae1 Ba6 14. Bxa6 Nxa6
15. Nc1 Nf6 16. f3 Nc7 17. Nd3 Qd6 18. Kh1 c5 19. b3 Rad8 20. Ne2 Ne6 21. Rc1
cxd4 22. Nxd4 Nxd4 23. exd4 Rc8 24. Rfe1 Rxc1 25. Qxc1 Kh7 26. Qc2 Kg8 27. g3
Nd7 28. Kg2 g5 29. Ne5 Kg7 30. Nxd7 Qxd7 31. Qe2 Kf7 32. g4 fxg4 33. fxg4 Re8
34. Qf3+ Kg7 35. Rxe8 Qxe8 36. Qxd5 Qe2+ 37. Kg3 Qe3+ 38. Qf3 Qxd4 39. Qb7+ Kg6
40. Qc6+ Kg7 41. Qc7+ Kg6 42. Qc6+ Kg7 43. Qc7+ Kg6 44. Qc6+ 1/2-1/2

[Event "4NCL Online Division 3"]
[Site "online"]
[Date "2020.05.05"]
[Round "5.82"]
[White "Sloan, Cecil"]
[Black "Varley, Joe"]
[Result "0-1"]
[WhiteElo "1735"]
[BlackElo "1892"]
[PlyCount "94"]
[EventDate "2020.05.05"]
[WhiteTeam "Watford 2"]
[BlackTeam "Hull Romans"]

1. e4 e5 2. Nf3 Nc6 3. d4 exd4 4. Bc4 Nf6 5. e5 d5 6. Bb5 Ne4 7. Nxd4 Bd7 8.
Bxc6 bxc6 9. O-O Bc5 10. f3 Ng5 11. f4 Ne4 12. Be3 Rb8 13. b3 O-O 14. Qd3 f6
15. Nf3 Qe7 16. Nbd2 f5 17. Bd4 Bb6 18. Bxb6 cxb6 19. c4 Qc5+ 20. Kh1 Be6 21.
Qe2 Rbd8 22. Nxe4 fxe4 23. Ng5 Bc8 24. Rac1 Qe7 25. Qe3 Bf5 26. Rcd1 Bg4 27.
Rd4 Qxg5 28. h3 Qh4 29. Kg1 Be6 30. g4 Bxg4 31. hxg4 Qxg4+ 32. Kh2 Rf5 33. Qg3
Qe2+ 34. Qf2 Rh5+ 35. Kg2 Qxf2+ 36. Rxf2 Kf7 37. Rfd2 Ke6 38. cxd5+ Rxd5 39.
Kg3 Rf5 40. Kg4 h5+ 41. Kg3 g5 42. fxg5 Kxe5 43. Rxd5+ cxd5 44. Kh4 e3 45. Re2
Kf4 46. Kxh5 Rxg5+ 47. Kh4 d4 0-1

[Event "4NCL Online Division 3"]
[Site "online"]
[Date "2020.05.05"]
[Round "5.83"]
[White "Crow, Stephen"]
[Black "Littlefair, Paul"]
[Result "1-0"]
[WhiteElo "1847"]
[BlackElo "1727"]
[PlyCount "69"]
[EventDate "2020.05.05"]
[WhiteTeam "Hull Romans"]
[BlackTeam "Watford 2"]

1. f4 Nf6 2. Nf3 Nc6 3. g3 d6 4. d3 g6 5. Bg2 Bg7 6. c3 O-O 7. O-O Re8 8. e4 e5
9. Na3 a6 10. h3 exf4 11. Bxf4 Ne5 12. Be3 b5 13. Nxe5 dxe5 14. Qd2 Qd6 15. Nc2
Be6 16. d4 exd4 17. cxd4 Qd7 18. Bg5 Nh5 19. g4 Bc4 20. gxh5 Bxf1 21. Rxf1 Rad8
22. Bxd8 Rxd8 23. d5 Bxb2 24. hxg6 fxg6 25. Nd4 Ba3 26. e5 Re8 27. e6 Qg7 28.
Rf7 Qe5 29. Nc6 Bc5+ 30. Kh1 Qa1+ 31. Bf1 Bf8 32. Qf4 Bg7 33. Qxc7 Bh6 34. Qd7
Rf8 35. Rxf8+ 1-0